Dynamics of prayer : (Record no. 144560)

MARC details
000 -LEADER
fixed length control field 00593nam a22001697a 4500
010 ## - LCCN (DPL NO)
LC control number ENG-120664
020 ## - INTERNATIONAL STANDARD BOOK NUMBER
International Standard Book Number 9789350692165
Terms of availability 100.00
035 ## - SYSTEM CONTROL NUMBER
System control number EN-104196
037 ## - SOURCE OF ACQUISITION
Source of stock number/acquisition DBAD/PUB
082 ## - DEWEY DECIMAL CLASSIFICATION NUMBER
Classification number 230.51
245 ## - TITLE STATEMENT
Title Dynamics of prayer :
Statement of responsibility, etc complied and edited by Suresh C. Bhatnagar
Remainder of title based on sai's teaching /
260 ## - PUBLICATION, DISTRIBUTION, ETC. (IMPRINT)
Place of publication, distribution, etc Andhra Pradesh
Name of publisher, distributor, etc Sri Sathya Sai Sadhana Trust Publications Division
Date of publication, distribution, etc 2015
270 ## - ADDRESS
Address Prasanthi Nilayam,
City Andhra Pradesh
Postal code 515134
300 ## - PHYSICAL DESCRIPTION
Extent xii,307p. :
Other physical details 23cm(pbk).
Dimensions ill.
700 ## - ADDED ENTRY--PERSONAL NAME
Personal name Bhatnagar, Suresh C.
942 ## - ADDED ENTRY ELEMENTS (KOHA)
Source of classification or shelving scheme Dewey Decimal Classification
Item type English Books
Classification part 230.51
Call number suffix BHA
Holdings
Withdrawn status Lost status Not for loan Collection code Home library Current library Date acquired Source of acquisition Cost, normal purchase price Full call number Barcode Copy number Cost, replacement price Koha item type
      Non-fiction Narela Narela 14/09/2017 DBAD/PUB 100.00 230.51 BHA EN-104196 1 100.00 English Books

© Delhi Public Library
Hit Counter
free hit counter